Super Smash Bros. Fighters #23 - The Ganondorf Quiz - Statistics

General Stats
  • This quiz has been taken 173 times
  • The average score is 11 of 15
Answer Stats
Question Answer % Correct
What is the only weapon that can kill Ganondorf? Master Sword
96%
What barn animal does Ganondorf’s beast form resemble? Pig
95%
Which piece of the Triforce does Ganondorf possess? Power
94%
What year did this game release? 1998
93%
Which name do other incarnations of Ganondorf go by? Ganon
93%
Which game did Ganondorf first appear in? The Legend of Zelda: Ocarina of Time
92%
What primarily female race does Ganondorf belong to? Gerudo
88%
What world did Ganondorf create by touching the Triforce? The {Dark} World
79%
In which game could a Ganondorf themed villager be summoned using amiibo? Animal Crossing: New Leaf
76%
Who is Ganondorf the incarnation of? Demise
65%
In A Link Between Worlds, who tries to resurrect Ganondorf? Yuga
49%
Which pair of twin witches raised Ganondorf? Kotake
38%
Who, rumored to be Ganondorf's apprentice, helps him break out of this world? Agahnim
37%
Which pair of twin witches raised Ganondorf? Koume
37%
What kind of weapon does Ganondorf wield in Hyrule Warriors? Trident
26%
No matching quizzes found
Score Distribution
Percent of People with Each Score
Percentile by Number Answered
Your Score History
You have not taken this quiz